header

How to cheat at IT project management (Record no. 211408)

MARC details
000 -LEADER
fixed length control field 01119nam a2200289Ia 4500
082 04 - DEWEY DECIMAL CLASSIFICATION NUMBER
Classification number 658
100 1# - MAIN ENTRY--AUTHOR NAME
Personal name Snedaker, Susan.
245 10 - TITLE STATEMENT
Title How to cheat at IT project management
260 ## - PUBLICATION, DISTRIBUTION, ETC. (IMPRINT)
Place of publication Rockland, Mass. :
Name of publisher Syngress ;
Place of publication Oxford :
Name of publisher Elsevier Science [distributor],
Year of publication 2005.
300 ## - PHYSICAL DESCRIPTION
Number of Pages xxvi, 565 p.
650 #0 - SUBJECT ADDED ENTRY--TOPICAL TERM
Topical Term Information technology
Topical Term Project management.
856 40 - ELECTRONIC LOCATION AND ACCESS
Uniform Resource Identifier http://site.ebrary.com/lib/rucke/Doc?id=10110270

No items available.

© 2026 Rongo University
Contact us: librarian | system librarian | Rongo university